Basic self defense with illustrations / Ms. Marjorie Abisado-Robbins, RCrim, Dr. Manuel V. Jaudian. (Record no. 21006)
| 000 -LEADER | |
|---|---|
| fixed length control field | 00661nam a22001937a 4500 |
| 020 ## - INTERNATIONAL STANDARD BOOK NUMBER | |
| ISBN | 9786214181957 |
| 082 ## - DEWEY DECIMAL CLASSIFICATION NUMBER | |
| Classification number | 796.81 |
| Item number | Ab149 2021 |
| 100 ## - MAIN ENTRY--AUTHOR NAME | |
| Personal name | Abisado-Robbins, Marjorie, author. |
| 245 ## - TITLE STATEMENT | |
| Title | Basic self defense with illustrations / Ms. Marjorie Abisado-Robbins, RCrim, Dr. Manuel V. Jaudian. |
| 260 ## - PUBLICATION, DISTRIBUTION, ETC. (IMPRINT) | |
| Place of publication | Quezon City : |
| Name of publisher | Wiseman’s Books Trading, |
| Year of publication | 2021. |
| 300 ## - PHYSICAL DESCRIPTION | |
| Number of Pages | iii, 64 pages : |
| Other physical details | illustrations ; 23 cm. |
| 500 ## - GENERAL NOTE | |
| General note | Includes bibliographical references. |
| 650 ## - SUBJECT ADDED ENTRY--TOPICAL TERM | |
| Topical Term | Self-defense. |
| 650 ## - SUBJECT ADDED ENTRY--TOPICAL TERM | |
| Topical Term | Self-defense -- Pictorial works. |
| 650 ## - SUBJECT ADDED ENTRY--TOPICAL TERM | |
| Topical Term | Hand-to-hand combat. |
| 650 ## - SUBJECT ADDED ENTRY--TOPICAL TERM | |
| Topical Term | Martial arts. |
| 700 ## - ADDED ENTRY--PERSONAL NAME | |
| Personal name | Jaudian, Manuel V. |
| 942 ## - ADDED ENTRY ELEMENTS (KOHA) | |
| Koha item type | Books |
| Source of acquisition | Permanent Location | Date acquired | Koha item type | Collection code | Accession Number | Lost status | Shelving location | Withdrawn status | Current Location | Full call number |
|---|---|---|---|---|---|---|---|---|---|---|
| School | Cagayan State University - Carig Library | 2025-05-30 | Books | Arts & Recreation | 010863 | General Collection | Cagayan State University - Carig Library | 796.81 Ab149 2021 | ||
| School | Cagayan State University - Carig Library | 2025-05-30 | Books | Arts & Recreation | 010864 | General Collection | Cagayan State University - Carig Library | 796.81 Ab149 2021 | ||
| School | Cagayan State University - Carig Library | 2025-05-30 | Books | Arts & Recreation | 010865 | General Collection | Cagayan State University - Carig Library | 796.81 Ab149 2021 |